Statistics for Clash Royale Females 🤤🤤🤤🤤

Click here to take the quiz!

General Stats

  • This quiz has been taken 97 times
  • The average score is 13 of 15

Answer Stats

HintAnswer% Correct
Duo with bowsArchers
97%
BatgirlNight witch
94%
Archer with a CrossbowArcher Queen
92%
Undead WomanWitch
92%
Long rangePrincess
91%
AxeValkyrie
91%
hog spawnerMother Witch
90%
TrioThree Musketeers
90%
BazookaFirecracker
87%
1700sMusketeer
87%
Actual black personRam rider
85%
MedkitBattle Healer
80%
Giant robotPEKKA
76%
Pretty much a black personBandit
58%
Two green haired bitchesRascal girls
48%

Score Distribution

Percentile by Number Answered

Percent of People with Each Score

Your Score History

You have not taken this quiz